000 00660nam a2200217Ia 4500
005 20250508162651.0
008 008 250505s9999 xx 000 0 eng d
020 _a0-08-035856-X
037 _aTextual
040 _aFEDL
_beng
_cFEDL
041 _aeng
_2eng
084 _a371.425, LAU
_qFEDL
100 _aLauglo Jon Ed.
_9773760
245 0 _aVocationalizing education: An international perspective
260 _aOxford
_bPergamon Press
_c1988
300 _aviii,339p.
490 _aComparative and international education. Vol 6
700 _a Lillis Kevin Ed.
_9773761
942 _cTEXL
_h371.425, LAU
999 _c1377945
_d1377945